000 01132nam a2200301Ia 4500
001 ebr10237119
003 CaPaEBR
006 m u
007 cr cn|||||||||
008 000622s2008 enk sb 001 0 eng d
020 _z9780195138702
020 _z9780195371185
040 _aCaPaEBR
_cCaPaEBR
035 _a(OCoLC)646756003
050 1 4 _aPN1042
_b.W45 2008eb
100 1 _aWeiss, Shira Wolosky,
_d1954-
245 1 4 _aThe art of poetry
_h[electronic resource] :
_bhow to read a poem /
_cShira Wolosky.
260 _aOxford :
_bOxford University Press,
_c2008.
300 _axi, 230 p.
504 _aIncludes bibliographical references and index.
533 _aElectronic reproduction.
_bPalo Alto, Calif. :
_cebrary,
_d2009.
_nAvailable via World Wide Web.
_nAccess may be limited to ebrary affiliated libraries.
650 0 _aEnglish language
_xVersification.
650 0 _aPoetics.
650 0 _aPoetry.
655 7 _aElectronic books.
_2local
710 2 _aebrary, Inc.
856 4 0 _uhttp://site.ebrary.com/lib/rucke/Doc?id=10237119
_zAn electronic book accessible through the World Wide Web; click to view
999 _c37733
_d37733